000 00314nam a2200145Ia 4500
008 100415s9999 xx 000 0 und d
082 _b10405
100 _aF.W.Tesch
245 _aThe Ecl
260 _aLONDON
_c1977
_bCHAPMAN & HALL
365 _b0
630 _aThe Ecl
730 _aThe Ecl
942 _cBOOK
999 _c593334
_d593331